| 000 | 00966pam a2200289 a 4500 | ||
|---|---|---|---|
| 999 |
_c4765 _d4765 |
||
| 001 | 4765 | ||
| 003 | BD-JhCC | ||
| 005 | 20171203175157.0 | ||
| 008 | 901115s1991 ne b 001 0 eng | ||
| 020 | _a9004093591 (paper) | ||
| 035 | _a(BD-JhCC)4765 | ||
| 040 |
_aDLC _cDLC _dDLC _dBD-JhCC |
||
| 041 | _aeng | ||
| 050 | 0 | 0 |
_aJQ26.C58 _bC57 1990 |
| 082 | 0 | 0 |
_a322/.5/095 _220 _bCIV 1990 |
| 245 | 0 | 0 |
_aCivil military interaction in Asia and Africa / _cedited by Charles H. Kennedy and David J. Louscher. |
| 260 |
_aLeiden ; _aNew York : _bE.J. Brill, _c1991. |
||
| 300 |
_a154 p. ; _c24 cm. |
||
| 440 | 0 |
_aInternational studies in sociology and social anthropology, _vv. 55 |
|
| 504 | _aIncludes bibliographical references and index. | ||
| 650 | 0 |
_aCivil-military relations _zAsia. |
|
| 650 | 0 |
_aCivil-military relations _zAfrica. |
|
| 700 | 1 |
_aKennedy, Charles H. _q(Charles Henry), _d1951- |
|
| 700 | 1 | _aLouscher, David J. | |
| 942 |
_2ddc _cBK |
||